| 000 | 00495nam a2200169Ia 4500 | ||
|---|---|---|---|
| 008 | 240729s9999 xx 000 0 und d | ||
| 022 | _a1828-1427 | ||
| 245 | 0 | _aVeterinaria Italiana | |
| 260 | _aItaly | ||
| 260 | _bIstituto Zooprofilattico Sperimentale dell'Abruzzo e del Molise G. Caporale | ||
| 650 | _a Animal culture | ||
| 650 | _a Veterinary medicine | ||
| 650 | _aAgriculture | ||
| 856 | _uhttps://doaj.org/toc/164ae7a3b3844c51b39eeef352a0bac3 | ||
| 942 | _2ddc | ||
| 942 | _cDOAJEJ | ||
| 999 |
_c70488 _d70488 |
||
| 945 |
_a1 _bMadushi Gamage _c1 _dMadushi Gamage |
||